Sports Quiz

Random Sports or NBA Quiz
Score 0/28 Timer 04:00
18 Plays Today
League Team % Correct
NBALos Angeles Lakers
93.5%
MLBNew York Yankees
93.3%
MLBNew York Yankees
93.3%
MLBNew York Yankees
93.3%
NBABoston Celtics
91.6%
NFLNew England Patriots
90.1%
NFLDallas Cowboys
79.1%
NFLDallas Cowboys
79.1%
NFLPittsburgh Steelers
77.8%
NHLDetroit Red Wings
75.3%
NBASan Antonio Spurs
74.3%
NHLMontreal Canadiens
68.6%
NHLMontreal Canadiens
68.6%
MLBAtlanta Braves
68.3%
League Team % Correct
NFLIndianapolis Colts
66.6%
NFLSan Francisco 49ers
66.2%
MLBLos Angeles Dodgers
65.5%
MLBSt. Louis Cardinals
64.1%
NHLBoston Bruins
61.1%
NBASyracuse Nationals/Philadelphia 76ers
53.7%
NHLChicago Blackhawks
51.2%
MLBOakland Athletics
48.2%
MLBPhiladelphia Phillies
38.8%
NBAUtah Jazz
38.8%
MLBCleveland Indians
36.5%
NFLLos Angeles Rams
32.6%
NHLSt. Louis Blues
29.4%
NBAPortland Trailblazers
25%
Come Together.
Have Fun.
All Virtual.
We all need to come together. Play Sporcle's virtual live trivia to have fun, connect with people, and get your trivia on. Join a live hosted trivia game for your favorite pub trivia experience done virtually. If a virtual private party is more your thing, go here for details.

You're not logged in!

Compare scores with friends on all Sporcle quizzes.
OR
Log In

Sporcle TV

Today on Sporcle TV


Watch our educational content, quiz creation guides, and fun videos on Sporcle TV.

Show Comments

Extras

Top Quizzes Today


Score Distribution

Paid Content

Your Account Isn't Verified!

In order to create a playlist on Sporcle, you need to verify the email address you used during registration. Go to your Sporcle Settings to finish the process.

Report this User

Report this user for behavior that violates our Community Guidelines.

Details: